000
00334nam a2200133Ia 4500
008
240624s9999 xx 000 0 und d
041
_a
eng
082
_a
658 GAL
100
_a
GALLUP
245
_a
FIRST BREAK ALL THE RULES WHAT THE WORLDS
260
_c
2016
_a
New Delhi
_b
Gallup Press
300
_a
350 p.; 23 cm.
365
_c
RS
_b
30
999
_c
29797
_d
29797